Platicas de Francisco Anguiano /

محفوظ في:
التفاصيل البيبلوغرافية
المؤلف الرئيسي: Anguiano, Francisco (autor)
التنسيق: كتاب
اللغة:الإسبانية
الموضوعات:
الوسوم: إضافة وسم
لا توجد وسوم, كن أول من يضع وسما على هذه التسجيلة!

MARC

LEADER 00000nam^a2200000^a^4500
001 000380631
005 20250526000000.0
009 20260310120614.715
037 |a Acervo Xavier Clavigero 
041 |a ESP 
082 |a 230.  |b ANG 
100 |a Anguiano, Francisco  |e (autor) 
245 1 0 |a Platicas de Francisco Anguiano /  |c F. Anguiano. 
264 |a lugar de publicación no identificado :  |b editorial no identificada,  |c fecha no identificada 
300 |a 1 v. (varias paginaciones) ;  |c 17.5 cm. 
501 |a Encuadernación particular 
561 |a Ex libris de Biblioteca Residencia S.J. Guadalajara 
649 |a XX 
650 |a Jesucristo -  |x Natividad 
650 |a Virgen María 
650 |a Iglesia Católica -  |x Catecismos y Credos 
650 |a Hombre -  |x Filosofía 
650 |a Sermones 
650 |a Predicación 
650 |a Oración (Religión) 
650 |a Pecado Mortal 
650 |a Año Nuevo 
650 |a Fiestas Religiosas 
650 |a Eucaristía 
650 |a Penitencia (Sacramento) 
650 |a Sacramentos 
650 |a Diez Mandamientos 
650 |a Teología Doctrinal -  |x Tema Principal 
650 |a Catolicismo 
650 |a Cristianismo 
650 |a Religión 
910 |a Fondo General 
920 |a Impresos - Libros 
930 |a Libros Antiguos y Raros 
905 |a 108 
901 |a 0500275666  |b IT2  |c LRA  |u 20250526 
902 |a https://opac.biblio.iteso.mx/vufind/Record/000380631